[Event "Grand Swiss "]
[Date "2025.09.13"]
[White "Eljanov, Pavel"]
[Black "Svane, Rasmus"]
[WhiteElo "2682"]
[BlackElo "2620"]
[Round "8.8.47"]
[Result "1/2-1/2"]

1. e4 {[%clk 01:40:53] [%emt 00:00:06]} e5 {[%clk 01:40:55] [%emt 00:00:05]} 2.
Nf3 {[%clk 01:41:19] [%emt 00:00:04]} Nc6 {[%clk 01:41:19] [%emt 00:00:06]} 3.
Bc4 {[%clk 01:41:36] [%emt 00:00:14]} Nf6 {[%clk 01:41:37] [%emt 00:00:11]} 4.
d3 {[%clk 01:41:58] [%emt 00:00:09]} Bc5 {[%clk 01:42:02] [%emt 00:00:05]} 5. c3
{[%clk 01:41:54] [%emt 00:00:34]} d6 {[%clk 01:42:21] [%emt 00:00:11]} 6. O-O
{[%clk 01:41:43] [%emt 00:00:41]} a5 {[%clk 01:42:27] [%emt 00:00:25]} 7. Re1
{[%clk 01:41:35] [%emt 00:00:38]} Ba7 {[%clk 01:39:31] [%emt 00:03:26]} 8. Na3
{[%clk 01:32:24] [%emt 00:09:41]} h6 {[%clk 01:39:31] [%emt 00:00:29]} 9. Nb5
{[%clk 01:30:43] [%emt 00:02:11]} Bb6 {[%clk 01:39:56] [%emt 00:00:05]} 10. a4
{[%clk 01:31:04] [%emt 00:00:10]} O-O {[%clk 01:37:37] [%emt 00:02:48]} 11. h3
{[%clk 01:30:59] [%emt 00:00:35]} Re8 {[%clk 01:32:59] [%emt 00:05:08]} 12. Be3
{[%clk 01:22:52] [%emt 00:08:37]} Bxe3 {[%clk 01:33:16] [%emt 00:00:13]} 13.
Rxe3 {[%clk 01:23:19] [%emt 00:00:04]} Be6 {[%clk 01:33:29] [%emt 00:00:16]} 14.
Bxe6 {[%clk 01:21:40] [%emt 00:02:09]} Rxe6 {[%clk 01:33:57] [%emt 00:00:02]}
15. Qc2 {[%clk 01:18:42] [%emt 00:03:28]} d5 {[%clk 01:21:00] [%emt 00:13:27]}
16. Rae1 {[%clk 01:07:40] [%emt 00:11:32]} Qd7 {[%clk 01:16:14] [%emt 00:05:16]}
17. Nh4 {[%clk 00:55:32] [%emt 00:12:37]} Rae8 {[%clk 01:04:17] [%emt 00:12:27]}
18. Nf3 {[%clk 00:47:33] [%emt 00:08:30]} R6e7 {[%clk 00:56:20] [%emt 00:08:26]}
19. Qb3 {[%clk 00:45:59] [%emt 00:02:04]} Qe6 {[%clk 00:43:38] [%emt 00:13:12]}
20. R3e2 {[%clk 00:35:59] [%emt 00:10:30]} dxe4 {[%clk 00:37:13] [%emt
00:06:55]} 21. Qxe6 {[%clk 00:34:25] [%emt 00:02:04]} Rxe6 {[%clk 00:37:35]
[%emt 00:00:08]} 22. dxe4 {[%clk 00:34:46] [%emt 00:00:08]} R6e7 {[%clk
00:37:27] [%emt 00:00:38]} 23. Nd2 {[%clk 00:32:52] [%emt 00:02:24]} Rc8 {[%clk
00:28:27] [%emt 00:09:30]} 24. Nc4 {[%clk 00:32:47] [%emt 00:00:36]} Nd7 {[%clk
00:26:23] [%emt 00:02:33]} 25. f3 {[%clk 00:18:59] [%emt 00:14:19]} Nc5 {[%clk
00:25:37] [%emt 00:01:17]} 26. Ra1 {[%clk 00:19:17] [%emt 00:00:11]} Kf8 {[%clk
00:18:57] [%emt 00:07:10]} 27. h4 {[%clk 00:17:01] [%emt 00:02:46]} Rd7 {[%clk
00:17:08] [%emt 00:02:19]} 28. Rd2 {[%clk 00:14:21] [%emt 00:03:09]} Rxd2 {[%clk
00:16:49] [%emt 00:00:50]} 29. Nxd2 {[%clk 00:14:49] [%emt 00:00:02]} Rd8 {[%clk
00:16:57] [%emt 00:00:22]} 30. Nc4 {[%clk 00:15:10] [%emt 00:00:09]} Rd7 {[%clk
00:15:06] [%emt 00:02:22]} 31. Kf2 {[%clk 00:09:33] [%emt 00:06:07]} h5 {[%clk
00:08:23] [%emt 00:07:12]} 32. Ke2 {[%clk 00:09:36] [%emt 00:00:27]} Ke8 {[%clk
00:08:16] [%emt 00:00:36]} 33. Ne3 {[%clk 00:05:17] [%emt 00:04:50]} Kd8 {[%clk
00:07:42] [%emt 00:01:05]} 34. Nd5 {[%clk 00:05:06] [%emt 00:00:41]} Ne7 {[%clk
00:07:17] [%emt 00:00:55]} 35. Ne3 {[%clk 00:02:46] [%emt 00:02:50]} Nc6 {[%clk
00:07:43] [%emt 00:00:03]} 36. Nd5 {[%clk 00:02:08] [%emt 00:01:08]} Ne7 {[%clk
00:08:09] [%emt 00:00:04]} 37. Ne3 {[%clk 00:02:10] [%emt 00:00:28]} Nc6 1/2-1/2

[Site "Europe Echecs"]

[Event "Grand Swiss "]
[Date "2025.09.13"]
[White "Deac, Bogdan-Daniel"]
[Black "Xu, Xiangyu"]
[WhiteElo "2674"]
[BlackElo "2615"]
[Round "8.8.48"]
[Result "1/2-1/2"]

1. e4 {[%clk 01:40:57] [%emt 00:00:01]} c5 {[%clk 01:40:53] [%emt 00:00:09]} 2.
Nf3 {[%clk 01:41:18] [%emt 00:00:08]} Nc6 {[%clk 01:41:18] [%emt 00:00:06]} 3.
Nc3 {[%clk 01:41:27] [%emt 00:00:20]} e6 {[%clk 01:35:43] [%emt 00:06:06]} 4. d4
{[%clk 01:41:33] [%emt 00:00:23]} cxd4 {[%clk 01:36:07] [%emt 00:00:06]} 5. Nxd4
{[%clk 01:42:01] [%emt 00:00:02]} Nf6 {[%clk 01:36:29] [%emt 00:00:08]} 6. Nxc6
{[%clk 01:42:09] [%emt 00:00:22]} bxc6 {[%clk 01:36:53] [%emt 00:00:06]} 7. e5
{[%clk 01:42:34] [%emt 00:00:05]} Nd5 {[%clk 01:37:18] [%emt 00:00:05]} 8. Ne4
{[%clk 01:43:01] [%emt 00:00:02]} Bb7 {[%clk 01:37:40] [%emt 00:00:09]} 9. Be2
{[%clk 01:39:12] [%emt 00:04:18]} c5 {[%clk 01:38:00] [%emt 00:00:10]} 10. O-O
{[%clk 01:39:37] [%emt 00:00:05]} Qc7 {[%clk 01:38:22] [%emt 00:00:07]} 11. Nd6+
{[%clk 01:40:02] [%emt 00:00:05]} Bxd6 {[%clk 01:38:45] [%emt 00:00:08]} 12.
exd6 {[%clk 01:40:29] [%emt 00:00:03]} Qc6 {[%clk 01:38:59] [%emt 00:00:15]} 13.
f3 {[%clk 01:40:56] [%emt 00:00:04]} c4 {[%clk 01:26:49] [%emt 00:12:41]} 14.
Qd4 {[%clk 01:41:12] [%emt 00:00:13]} O-O {[%clk 01:27:13] [%emt 00:00:07]} 15.
Bxc4 {[%clk 01:40:06] [%emt 00:01:37]} Rfc8 {[%clk 01:27:37] [%emt 00:00:05]}
16. b3 {[%clk 01:37:04] [%emt 00:03:30]} Qxd6 {[%clk 01:27:19] [%emt 00:00:50]}
17. Rd1 {[%clk 01:35:46] [%emt 00:01:46]} Qb6 {[%clk 01:26:35] [%emt 00:01:15]}
18. Qxb6 {[%clk 01:34:37] [%emt 00:01:40]} Nxb6 {[%clk 00:51:12] [%emt
00:35:52]} 19. Bd3 {[%clk 01:34:46] [%emt 00:00:20]} a5 {[%clk 00:51:40] [%emt
00:00:05]} 20. c4 {[%clk 01:21:05] [%emt 00:14:10]} d5 {[%clk 00:52:06] [%emt
00:00:05]} 21. cxd5 {[%clk 01:21:15] [%emt 00:00:19]} Nxd5 {[%clk 00:52:32]
[%emt 00:00:04]} 22. Bd2 {[%clk 01:21:19] [%emt 00:00:26]} Nb4 {[%clk 00:52:25]
[%emt 00:00:37]} 23. Bc4 {[%clk 01:01:12] [%emt 00:20:36]} Bd5 {[%clk 00:51:32]
[%emt 00:01:24]} 24. Bxd5 {[%clk 00:36:43] [%emt 00:24:59]} Nxd5 {[%clk
00:51:48] [%emt 00:00:13]} 25. Rdc1 {[%clk 00:36:56] [%emt 00:00:17]} Rcb8
{[%clk 00:50:06] [%emt 00:02:13]} 26. Rab1 {[%clk 00:32:16] [%emt 00:05:09]} f6
{[%clk 00:41:31] [%emt 00:09:05]} 27. Rc5 {[%clk 00:31:18] [%emt 00:01:27]} a4
{[%clk 00:41:43] [%emt 00:00:20]} 28. b4 {[%clk 00:31:45] [%emt 00:00:03]} Kf7
{[%clk 00:31:16] [%emt 00:10:57]} 29. Kf2 {[%clk 00:31:26] [%emt 00:00:48]} g5
{[%clk 00:27:43] [%emt 00:04:03]} 30. a3 {[%clk 00:29:37] [%emt 00:02:19]} h5
{[%clk 00:27:47] [%emt 00:00:25]} 31. Rbc1 {[%clk 00:28:02] [%emt 00:02:05]} Rb7
{[%clk 00:24:36] [%emt 00:03:43]} 32. R1c4 {[%clk 00:23:49] [%emt 00:04:41]} Rd7
{[%clk 00:21:37] [%emt 00:03:29]} 33. h4 {[%clk 00:18:24] [%emt 00:05:55]} gxh4
{[%clk 00:14:56] [%emt 00:07:12]} 34. Rxh4 {[%clk 00:17:19] [%emt 00:01:34]} Kg6
{[%clk 00:15:22] [%emt 00:00:04]} 35. Rhc4 {[%clk 00:16:05] [%emt 00:01:43]} e5
{[%clk 00:08:12] [%emt 00:07:43]} 36. Bc1 {[%clk 00:13:21] [%emt 00:03:12]} Nb6
{[%clk 00:03:00] [%emt 00:05:42]} 37. Rc3 {[%clk 00:09:57] [%emt 00:03:53]} Nd5
{[%clk 00:00:34] [%emt 00:02:59]} 38. R3c4 {[%clk 00:04:20] [%emt 00:06:06]} Nb6
{[%clk 00:00:47] [%emt 00:00:17]} 39. Rc3 {[%clk 00:00:52] [%emt 00:03:58]} Nd5
{[%clk 00:00:48] [%emt 00:00:29]} 40. Rd3 {[%clk 00:01:04] [%emt 00:00:17]} Rad8
{[%clk 00:01:15] [%emt 00:00:04]} 41. Ra5 {[%clk 00:01:09] [%emt 00:00:24]} Nb6
{[%clk 00:35:58] [%emt 00:15:47]} 42. Rxd7 {[%clk 00:43:55] [%emt 00:07:45]}
Rxd7 {[%clk 00:36:21] [%emt 00:00:07]} 43. Ke2 {[%clk 00:43:29] [%emt 00:00:53]}
Kf5 {[%clk 00:35:54] [%emt 00:00:59]} 44. Be3 {[%clk 00:28:16] [%emt 00:15:42]}
Nd5 {[%clk 00:35:45] [%emt 00:00:39]} 45. Bd2 {[%clk 00:27:28] [%emt 00:01:18]}
Nb6 {[%clk 00:21:52] [%emt 00:14:24]} 46. Be1 {[%clk 00:09:47] [%emt 00:18:10]}
Rc7 {[%clk 00:18:06] [%emt 00:04:17]} 47. Ra6 {[%clk 00:08:30] [%emt 00:01:47]}
Nd5 {[%clk 00:17:38] [%emt 00:00:58]} 48. Bd2 {[%clk 00:07:55] [%emt 00:01:04]}
Rc2 {[%clk 00:18:00] [%emt 00:00:09]} 49. Kd3 {[%clk 00:07:09] [%emt 00:01:15]}
Rc8 {[%clk 00:18:27] [%emt 00:00:03]} 50. Rxa4 {[%clk 00:04:43] [%emt 00:02:57]}
Rg8 {[%clk 00:18:55] [%emt 00:00:02]} 51. b5 {[%clk 00:04:07] [%emt 00:01:06]}
Rxg2 {[%clk 00:18:13] [%emt 00:01:12]} 52. Rh4 {[%clk 00:03:10] [%emt 00:01:26]}
Rf2 {[%clk 00:18:41] [%emt 00:00:03]} 53. Rxh5+ {[%clk 00:01:45] [%emt
00:01:55]} Ke6 {[%clk 00:19:09] [%emt 00:00:02]} 54. Rh3 {[%clk 00:01:53] [%emt
00:00:20]} f5 {[%clk 00:19:36] [%emt 00:00:04]} 55. Rh6+ {[%clk 00:01:11] [%emt
00:01:11]} Kd7 {[%clk 00:20:05] [%emt 00:00:02]} 56. Bg5 {[%clk 00:00:52] [%emt
00:00:47]} Rxf3+ {[%clk 00:19:56] [%emt 00:00:40]} 57. Kc4 {[%clk 00:01:20]
[%emt 00:00:01]} Nc3 {[%clk 00:20:07] [%emt 00:00:20]} 58. Rh7+ {[%clk 00:01:06]
[%emt 00:00:43]} Kc8 {[%clk 00:20:33] [%emt 00:00:04]} 59. Bf6 {[%clk 00:01:04]
[%emt 00:00:32]} Nxb5 {[%clk 00:18:23] [%emt 00:02:41]} 60. Kxb5 {[%clk
00:01:04] [%emt 00:00:29]} Rxa3 {[%clk 00:18:50] [%emt 00:00:03]} 61. Bxe5
{[%clk 00:01:01] [%emt 00:00:33]} f4 {[%clk 00:14:13] [%emt 00:20:07]} 62. Bd6
{[%clk 00:14:39] [%emt 00:01:51]} Rc3 {[%clk 00:14:37] [%emt 00:00:06]} 63. Bc5
{[%clk 00:14:43] [%emt 00:00:26]} Kd8 {[%clk 00:15:03] [%emt 00:00:05]} 64. Kc6
{[%clk 00:14:50] [%emt 00:00:23]} Ke8 {[%clk 00:15:28] [%emt 00:00:04]} 65. Ra7
{[%clk 00:05:41] [%emt 00:09:39]} Rg3 {[%clk 00:14:40] [%emt 00:01:19]} 66. Bd6
{[%clk 00:05:17] [%emt 00:00:54]} Re3 {[%clk 00:15:04] [%emt 00:00:06]} 67. Bc5
{[%clk 00:01:08] [%emt 00:04:39]} Re2 {[%clk 00:14:51] [%emt 00:00:43]} 68. Ra8+
{[%clk 00:01:08] [%emt 00:00:29]} Kf7 {[%clk 00:15:18] [%emt 00:00:03]} 69. Rf8+
{[%clk 00:01:32] [%emt 00:00:06]} Kg6 {[%clk 00:15:45] [%emt 00:00:04]} 70. Rxf4
{[%clk 00:01:54] [%emt 00:00:08]} Ra2 {[%clk 00:14:32] [%emt 00:01:42]} 71. Kd6
{[%clk 00:01:44] [%emt 00:00:39]} Ra5 {[%clk 00:15:00] [%emt 00:00:03]} 72. Rf8
{[%clk 00:01:58] [%emt 00:00:15]} Rb5 {[%clk 00:14:57] [%emt 00:00:33]} 73. Bd4
{[%clk 00:02:20] [%emt 00:00:08]} Kg5 {[%clk 00:14:20] [%emt 00:01:07]} 74. Ke6
{[%clk 00:02:31] [%emt 00:00:18]} Kg4 {[%clk 00:14:24] [%emt 00:00:27]} 75. Be5
{[%clk 00:02:42] [%emt 00:00:19]} Rb4 {[%clk 00:14:50] [%emt 00:00:04]} 76. Rg8+
{[%clk 00:02:57] [%emt 00:00:14]} Kf3 {[%clk 00:15:14] [%emt 00:00:07]} 77. Rg3+
{[%clk 00:03:18] [%emt 00:00:07]} Kf2 {[%clk 00:14:56] [%emt 00:00:50]} 78. Ra3
{[%clk 00:03:19] [%emt 00:00:27]} Rb5 {[%clk 00:15:19] [%emt 00:00:09]} 79. Kf5
{[%clk 00:03:38] [%emt 00:00:10]} Rb4 {[%clk 00:15:43] [%emt 00:00:07]} 80. Bd6
{[%clk 00:03:36] [%emt 00:00:32]} Rc4 {[%clk 00:16:01] [%emt 00:00:12]} 81. Ke5
{[%clk 00:03:28] [%emt 00:00:37]} Ke2 {[%clk 00:15:54] [%emt 00:00:37]} 82. Kd5
{[%clk 00:03:48] [%emt 00:00:09]} Rh4 {[%clk 00:16:04] [%emt 00:00:21]} 83. Be5
{[%clk 00:04:06] [%emt 00:00:11]} Rg4 {[%clk 00:15:48] [%emt 00:00:46]} 84. Bd4
{[%clk 00:04:09] [%emt 00:00:27]} Rg8 {[%clk 00:13:16] [%emt 00:03:02]} 85. Re3+
{[%clk 00:03:53] [%emt 00:00:46]} Kd2 {[%clk 00:13:41] [%emt 00:00:05]} 86. Rh3
{[%clk 00:03:55] [%emt 00:00:27]} Ke2 {[%clk 00:13:45] [%emt 00:00:27]} 87. Be3
{[%clk 00:04:16] [%emt 00:00:08]} Rd8+ {[%clk 00:12:29] [%emt 00:01:47]} 88. Kc4
{[%clk 00:04:37] [%emt 00:00:07]} Re8 {[%clk 00:12:37] [%emt 00:00:24]} 89. Bd4
{[%clk 00:05:02] [%emt 00:00:05]} Re6 {[%clk 00:12:58] [%emt 00:00:09]} 90. Kd5
{[%clk 00:05:27] [%emt 00:00:04]} Rg6 {[%clk 00:13:22] [%emt 00:00:07]} 91. Re3+
{[%clk 00:04:17] [%emt 00:01:40]} Kd2 {[%clk 00:13:45] [%emt 00:00:07]} 92. Kc5
{[%clk 00:04:31] [%emt 00:00:14]} Rg8 {[%clk 00:13:41] [%emt 00:00:36]} 93. Ra3
{[%clk 00:04:41] [%emt 00:00:20]} Re8 {[%clk 00:13:04] [%emt 00:01:07]} 94. Kd5
{[%clk 00:05:02] [%emt 00:00:09]} Rg8 {[%clk 00:13:15] [%emt 00:00:18]} 95. Be3+
{[%clk 00:05:17] [%emt 00:00:16]} Ke2 {[%clk 00:13:28] [%emt 00:00:17]} 96. Bf4
{[%clk 00:05:44] [%emt 00:00:03]} Rc8 {[%clk 00:13:16] [%emt 00:00:42]} 97. Be5
{[%clk 00:05:56] [%emt 00:00:18]} Rd8+ {[%clk 00:13:34] [%emt 00:00:12]} 98. Ke4
{[%clk 00:06:23] [%emt 00:00:02]} Re8 {[%clk 00:13:41] [%emt 00:00:24]} 99. Ra2+
{[%clk 00:06:41] [%emt 00:00:12]} Ke1 {[%clk 00:14:08] [%emt 00:00:03]} 100. Kf4
{[%clk 00:06:46] [%emt 00:00:24]} Kd1 {[%clk 00:14:30] [%emt 00:00:08]} 101. Rh2
{[%clk 00:07:02] [%emt 00:00:14]} Re7 {[%clk 00:14:52] [%emt 00:00:09]} 102. Ke4
{[%clk 00:07:20] [%emt 00:00:11]} Ke1 {[%clk 00:15:20] [%emt 00:00:03]} 103. Kd4
{[%clk 00:07:32] [%emt 00:00:17]} Kf1 {[%clk 00:15:43] [%emt 00:00:08]} 104. Ra2
{[%clk 00:07:48] [%emt 00:00:13]} Re8 {[%clk 00:16:10] [%emt 00:00:04]} 105. Bf4
{[%clk 00:07:51] [%emt 00:00:28]} Re2 {[%clk 00:16:26] [%emt 00:00:13]} 106.
Ra1+ {[%clk 00:08:15] [%emt 00:00:06]} Kf2 {[%clk 00:16:46] [%emt 00:00:10]}
107. Kd3 {[%clk 00:08:37] [%emt 00:00:08]} Kf3 {[%clk 00:16:13] [%emt 00:01:03]}
108. Ra7 {[%clk 00:08:54] [%emt 00:00:13]} Re8 {[%clk 00:16:04] [%emt 00:00:39]}
109. Rf7 {[%clk 00:09:17] [%emt 00:00:07]} Kg4 {[%clk 00:16:30] [%emt 00:00:04]}
110. Kd4 {[%clk 00:09:43] [%emt 00:00:04]} Ra8 {[%clk 00:16:27] [%emt 00:00:32]}
111. Be5 {[%clk 00:10:08] [%emt 00:00:05]} Ra4+ {[%clk 00:16:47] [%emt
00:00:11]} 112. Ke3 {[%clk 00:10:37] [%emt 00:00:01]} Ra3+ {[%clk 00:17:12]
[%emt 00:00:05]} 113. Ke4 {[%clk 00:11:04] [%emt 00:00:03]} Ra4+ {[%clk
00:17:38] [%emt 00:00:04]} 114. Bd4 {[%clk 00:11:32] [%emt 00:00:01]} Rb4 {[%clk
00:18:03] [%emt 00:00:05]} 115. Rg7 {[%clk 00:11:57] [%emt 00:00:05]} Kh4 {[%clk
00:18:30] [%emt 00:00:03]} 116. Rg8 {[%clk 00:12:24] [%emt 00:00:03]} Ra4 {[%clk
00:18:57] [%emt 00:00:03]} 117. Ke3 {[%clk 00:12:51] [%emt 00:00:03]} Kh5 {[%clk
00:19:23] [%emt 00:00:04]} 1/2-1/2

[Site "Europe Echecs"]

[Event "Grand Swiss "]
[Date "2025.09.13"]
[White "Karthikeyan, Murali"]
[Black "Santos Latasa, Jaime"]
[WhiteElo "2669"]
[BlackElo "2620"]
[Round "8.8.49"]
[Result "1-0"]

1. d4 {[%clk 01:40:21] [%emt 00:00:38]} Nf6 {[%clk 01:40:53] [%emt 00:00:08]} 2.
Nf3 {[%clk 01:40:40] [%emt 00:00:11]} d5 {[%clk 01:41:17] [%emt 00:00:06]} 3.
Bf4 {[%clk 01:41:02] [%emt 00:00:07]} c5 {[%clk 01:41:18] [%emt 00:00:29]} 4. e3
{[%clk 01:41:25] [%emt 00:00:07]} Nc6 {[%clk 01:41:44] [%emt 00:00:04]} 5. Nbd2
{[%clk 01:41:28] [%emt 00:00:27]} Nh5 {[%clk 01:41:37] [%emt 00:00:37]} 6. dxc5
{[%clk 01:41:44] [%emt 00:00:14]} Nxf4 {[%clk 01:42:01] [%emt 00:00:06]} 7. exf4
{[%clk 01:42:07] [%emt 00:00:07]} g6 {[%clk 01:42:28] [%emt 00:00:03]} 8. c3
{[%clk 01:41:05] [%emt 00:01:32]} Bh6 {[%clk 01:42:40] [%emt 00:00:18]} 9. g3
{[%clk 01:41:23] [%emt 00:00:12]} O-O {[%clk 01:43:04] [%emt 00:00:06]} 10. Nb3
{[%clk 01:39:51] [%emt 00:02:03]} Bg7 {[%clk 01:36:18] [%emt 00:07:16]} 11. h4
{[%clk 01:36:37] [%emt 00:03:43]} Bg4 {[%clk 01:30:29] [%emt 00:06:20]} 12. Be2
{[%clk 01:36:36] [%emt 00:00:30]} Bxf3 {[%clk 01:29:50] [%emt 00:01:09]} 13.
Bxf3 {[%clk 01:36:11] [%emt 00:00:55]} e6 {[%clk 01:30:15] [%emt 00:00:05]} 14.
O-O {[%clk 01:31:57] [%emt 00:04:43]} a5 {[%clk 01:28:34] [%emt 00:02:13]} 15.
a4 {[%clk 01:29:09] [%emt 00:03:17]} b6 {[%clk 01:28:13] [%emt 00:00:51]} 16. c4
{[%clk 01:16:48] [%emt 00:12:51]} Nb4 {[%clk 01:28:04] [%emt 00:00:39]} 17. cxd5
{[%clk 01:15:39] [%emt 00:01:39]} exd5 {[%clk 01:28:26] [%emt 00:00:09]} 18. Qd2
{[%clk 01:14:13] [%emt 00:01:55]} Rc8 {[%clk 01:26:37] [%emt 00:02:18]} 19. Rac1
{[%clk 01:11:06] [%emt 00:03:37]} Qf6 {[%clk 01:24:58] [%emt 00:02:11]} 20. Bg4
{[%clk 01:04:32] [%emt 00:07:03]} Rc6 {[%clk 01:16:03] [%emt 00:09:25]} 21. cxb6
{[%clk 01:03:21] [%emt 00:01:42]} Rxb6 {[%clk 01:16:26] [%emt 00:00:07]} 22. Nc5
{[%clk 00:56:58] [%emt 00:06:52]} Qxb2 {[%clk 01:16:27] [%emt 00:00:30]} 23.
Qxb2 {[%clk 00:57:13] [%emt 00:00:15]} Bxb2 {[%clk 01:16:51] [%emt 00:00:05]}
24. Rb1 {[%clk 00:57:33] [%emt 00:00:10]} Na2 {[%clk 01:17:15] [%emt 00:00:07]}
25. Nd7 {[%clk 00:51:04] [%emt 00:06:58]} Rb4 {[%clk 01:17:02] [%emt 00:00:43]}
26. Nxf8 {[%clk 00:51:19] [%emt 00:00:15]} Kxf8 {[%clk 01:17:28] [%emt
00:00:04]} 27. Rbe1 {[%clk 00:34:09] [%emt 00:17:39]} Nc3 {[%clk 01:00:21] [%emt
00:17:38]} 28. Bd7 {[%clk 00:31:28] [%emt 00:03:11]} d4 {[%clk 00:59:01] [%emt
00:01:50]} 29. Re8+ {[%clk 00:21:19] [%emt 00:10:39]} Kg7 {[%clk 00:59:12] [%emt
00:00:20]} 30. Rd8 {[%clk 00:19:56] [%emt 00:01:53]} d3 {[%clk 00:53:05] [%emt
00:06:37]} 31. Be8 {[%clk 00:13:11] [%emt 00:07:14]} Nxa4 {[%clk 00:47:17] [%emt
00:06:18]} 32. Bxa4 {[%clk 00:07:54] [%emt 00:05:48]} Rxa4 {[%clk 00:47:39]
[%emt 00:00:07]} 33. Rxd3 {[%clk 00:08:16] [%emt 00:00:08]} Rb4 {[%clk 00:48:02]
[%emt 00:00:08]} 34. Rfd1 {[%clk 00:06:36] [%emt 00:02:10]} a4 {[%clk 00:48:09]
[%emt 00:00:23]} 35. Rd7 {[%clk 00:06:51] [%emt 00:00:14]} h5 {[%clk 00:48:09]
[%emt 00:00:30]} 36. Kg2 {[%clk 00:06:36] [%emt 00:00:45]} a3 {[%clk 00:48:24]
[%emt 00:00:15]} 37. Ra7 {[%clk 00:07:01] [%emt 00:00:05]} Rb5 {[%clk 00:48:50]
[%emt 00:00:04]} 38. Rdd7 {[%clk 00:06:05] [%emt 00:01:26]} Rf5 {[%clk 00:49:13]
[%emt 00:00:07]} 39. Kf3 {[%clk 00:04:29] [%emt 00:02:06]} Rf6 {[%clk 00:48:51]
[%emt 00:00:52]} 40. Rd5 {[%clk 00:04:27] [%emt 00:00:32]} Kh6 {[%clk 00:48:26]
[%emt 00:00:55]} 41. Rda5 {[%clk 00:02:32] [%emt 00:02:25]} Kg7 {[%clk 00:48:16]
[%emt 00:00:41]} 42. Ra4 {[%clk 00:43:42] [%emt 00:09:19]} Rc6 {[%clk 01:34:31]
[%emt 00:04:15]} 43. Rb4 {[%clk 00:40:57] [%emt 00:03:15]} Rd6 {[%clk 01:34:45]
[%emt 00:00:16]} 44. Rbb7 {[%clk 00:38:37] [%emt 00:02:49]} Rf6 {[%clk 01:35:08]
[%emt 00:00:07]} 45. Rd7 {[%clk 00:35:57] [%emt 00:03:10]} Rf5 {[%clk 01:35:00]
[%emt 00:00:39]} 46. Rdc7 {[%clk 00:30:09] [%emt 00:06:18]} Rf6 {[%clk 01:34:46]
[%emt 00:00:43]} 47. Kg2 {[%clk 00:30:21] [%emt 00:00:18]} Rf5 {[%clk 01:34:48]
[%emt 00:00:29]} 48. f3 {[%clk 00:27:23] [%emt 00:03:28]} Rf6 {[%clk 01:34:58]
[%emt 00:00:20]} 49. Rc4 {[%clk 00:27:36] [%emt 00:00:16]} Rd6 {[%clk 01:34:14]
[%emt 00:01:15]} 50. Rcc7 {[%clk 00:26:53] [%emt 00:01:14]} Rf6 {[%clk 01:34:38]
[%emt 00:00:06]} 51. Rc4 {[%clk 00:27:17] [%emt 00:00:05]} Rd6 {[%clk 01:35:02]
[%emt 00:00:05]} 52. g4 {[%clk 00:27:35] [%emt 00:00:13]} Rf6 {[%clk 01:31:29]
[%emt 00:04:03]} 53. Kg3 {[%clk 00:24:13] [%emt 00:03:51]} Kg8 {[%clk 01:31:15]
[%emt 00:00:44]} 54. Rc5 {[%clk 00:22:26] [%emt 00:02:17]} Kg7 {[%clk 01:31:33]
[%emt 00:00:13]} 55. g5 {[%clk 00:13:52] [%emt 00:09:03]} Rf5 {[%clk 01:31:36]
[%emt 00:00:28]} 56. Rxf5 {[%clk 00:14:12] [%emt 00:00:10]} gxf5 {[%clk
01:32:00] [%emt 00:00:06]} 57. Ra4 {[%clk 00:14:24] [%emt 00:00:18]} Kg6 {[%clk
01:31:00] [%emt 00:01:30]} 58. Kf2 {[%clk 00:13:34] [%emt 00:01:20]} Bc1 {[%clk
01:29:47] [%emt 00:01:43]} 59. Ke2 {[%clk 00:12:32] [%emt 00:01:32]} Kg7 {[%clk
01:29:50] [%emt 00:00:26]} 60. Kd1 {[%clk 00:08:24] [%emt 00:04:38]} Be3 {[%clk
01:29:31] [%emt 00:00:49]} 61. Rxa3 {[%clk 00:08:20] [%emt 00:00:35]} Bf2 {[%clk
01:29:34] [%emt 00:00:27]} 62. Ra5 {[%clk 00:07:59] [%emt 00:00:51]} Bxh4 {[%clk
01:29:39] [%emt 00:00:26]} 63. Rxf5 {[%clk 00:07:47] [%emt 00:00:42]} Bg3 {[%clk
01:30:03] [%emt 00:00:05]} 64. Ke2 {[%clk 00:07:05] [%emt 00:01:12]} h4 {[%clk
01:30:27] [%emt 00:00:06]} 65. Kf1 {[%clk 00:06:51] [%emt 00:00:43]} h3 {[%clk
01:30:51] [%emt 00:00:07]} 66. Kg1 {[%clk 00:07:15] [%emt 00:00:06]} Kg8 {[%clk
01:30:00] [%emt 00:01:21]} 67. Rf6 {[%clk 00:07:02] [%emt 00:00:43]} Kg7 {[%clk
01:30:03] [%emt 00:00:27]} 68. Kh1 {[%clk 00:07:21] [%emt 00:00:11]} Kg8 {[%clk
01:28:26] [%emt 00:02:07]} 69. g6 {[%clk 00:07:12] [%emt 00:00:39]} Kg7 {[%clk
01:28:51] [%emt 00:00:05]} 70. gxf7 {[%clk 00:07:35] [%emt 00:00:06]} Kf8 {[%clk
01:29:18] [%emt 00:00:04]} 71. Rf5 {[%clk 00:07:58] [%emt 00:00:07]} 1-0

[Site "Europe Echecs"]